000 00531cam a22001337a 4500
008 180718b1930 xxu||||| |||| 00| 0 eng d
082 _aP41x5422 C333
100 _aCentral Provinces. Curriculum Revision Committee appointed by the Board of High School Education
245 _aReport of the Curriculum Revision Committee appointed by the Board of High School Education, Central Provinces
260 _aNagpur
_bThe author
_c1930
300 _a194+p.
500 _aChairman: Sita Charan Dube
700 _aDube, Sita Charan (Chairman)
999 _c489476
_d489476